[Event "Hessen-ch Seniors op 12th"]
[Site "Bad Sooden-Allendorf"]
[Date "2016.05.08"]
[Round "8"]
[White "Kluever, Horst"]
[Black "Schoenemann, Manfred"]
[Result "1/2-1/2"]
[WhiteElo "1856"]
[BlackElo "1749"]
[PlyCount "42"]
[EventDate "2016.04.30"]
[EventType "swiss"]
[EventRounds "9"]
[EventCountry "GER"]
[SourceTitle "EXT 2019"]
[Source "ChessBase"]
[SourceDate "2018.10.10"]
[SourceVersion "1"]
[SourceVersionDate "2018.10.10"]
[SourceQuality "1"]

1. e4 c5 2. Bc4 e6 3. Nc3 a6 4. a4 Qc7 5. Nf3 Nc6 6. b3 Nf6 7. h3 Be7 8. 0-0 0-0 9. Re1 d6 10. Bb2 b6 11. Bf1 Bb7 12. d3 Rac8 13. Ne2 d5 14. e5 Nd7 15. d4 cxd4 16. Nexd4 Nxd4 17. Nxd4 Nc5 18. Nf3 Ne4 19. Bd3 Bb4 20. Re3 Bc5 21. Re2 Rfd8 1/2-1/2

[Event "Hessen-ch Seniors op 12th"]
[Site "Bad Sooden-Allendorf"]
[Date "2016.05.05"]
[Round "6"]
[White "Merettig, Georg"]
[Black "Schoenemann, Manfred"]
[Result "1-0"]
[WhiteElo "1856"]
[BlackElo "1749"]
[PlyCount "111"]
[EventDate "2016.04.30"]
[EventType "swiss"]
[EventRounds "9"]
[EventCountry "GER"]
[SourceTitle "EXT 2019"]
[Source "ChessBase"]
[SourceDate "2018.10.10"]
[SourceVersion "1"]
[SourceVersionDate "2018.10.10"]
[SourceQuality "1"]

1. Nc3 d5 2. f4 Nf6 3. e3 Bg4 4. Nf3 c6 5. h3 Bxf3 6. Qxf3 d4 7. exd4 Qxd4 8. Ne2 Qe4 9. Qb3 c5 10. d3 Qb4+ 11. Qxb4 cxb4 12. Nd4 a6 13. Bd2 e6 14. g4 Nc6 15. Nf3 Bc5 16. Bg2 Rd8 17. 0-0-0 0-0 18. Kb1 Nd5 19. Rhe1 Bf2 20. Re2 Bg3 21. Ne5 Nd4 22. Re4 Nf6 23. Bxb4 Rfe8 24. Rxd4 Rxd4 25. c3 Rxf4 26. d4 Nd5 27. Nd3 Rf6 28. Be4 Ne3 29. Rg1 Bc7 30. g5 Rf1+ 31. Rxf1 Nxf1 32. Bxb7 a5 33. Ba3 Nd2+ 34. Kc2 Nc4 35. Bc5 Bd6 36. Bc6 Rc8 37. Bb5 Bxc5 38. Nxc5 Nd6 39. Be2 Nf5 40. Kd3 e5 41. Bg4 g6 42. Nb3 a4 43. Nc5 exd4 44. cxd4 Ra8 45. Bf3 Ra7 46. Bc6 a3 47. b4 Nd6 48. b5 Rc7 49. Nd7 Nc8 50. d5 Kg7 51. b6 Rxd7 52. Bxd7 Nxb6 53. Bc6 Nc8 54. Kd4 f5 55. Ke5 Kf7 56. d6 1-0

[Event "Hessen-ch Seniors op 12th"]
[Site "Bad Sooden-Allendorf"]
[Date "2016.05.01"]
[Round "2"]
[White "Hottes, Dieter"]
[Black "Schoenemann, Manfred"]
[Result "1-0"]
[WhiteElo "2111"]
[BlackElo "1749"]
[PlyCount "63"]
[EventDate "2016.04.30"]
[EventType "swiss"]
[EventRounds "9"]
[EventCountry "GER"]
[SourceTitle "EXT 2019"]
[Source "ChessBase"]
[SourceDate "2018.10.10"]
[SourceVersion "1"]
[SourceVersionDate "2018.10.10"]
[SourceQuality "1"]

1. c4 c5 2. g3 Nf6 3. Bg2 e6 4. Nf3 Nc6 5. 0-0 d5 6. cxd5 exd5 7. d4 c4 8. Nc3 Be7 9. Ne5 0-0 10. e4 Be6 11. Nxc6 bxc6 12. e5 Ne8 13. Ne2 Nc7 14. b3 cxb3 15. Qxb3 Qd7 16. Ba3 Rfb8 17. Qa4 Bxa3 18. Qxa3 a5 19. Rfc1 Rb4 20. Rc5 Nb5 21. Qe3 Nc7 22. Rac1 Ra6 23. Nf4 h6 24. Bf1 Nb5 25. Nd3 Rxd4 26. Rxb5 Rxd3 27. Rb8+ Kh7 28. Bxd3+ g6 29. Bxa6 d4 30. Qf4 Qa7 31. Rcb1 Qxa6 32. Qf6 1-0

[Event "Berlin Lichtenberger op 12th"]
[Site "Berlin"]
[Date "2013.08.20"]
[Round "4"]
[White "Schoenemann, Manfred"]
[Black "Guzzetti, Luigi Enrico"]
[Result "0-1"]
[WhiteElo "1783"]
[BlackElo "1873"]
[PlyCount "76"]
[EventDate "2013.08.17"]
[EventType "swiss"]
[EventRounds "9"]
[EventCountry "GER"]
[SourceTitle "CBM 156 Extra"]
[Source "ChessBase"]
[SourceDate "2013.10.22"]
[SourceVersion "1"]
[SourceVersionDate "2013.10.22"]
[SourceQuality "1"]

1. d4 Nf6 2. c4 g6 3. Nc3 Bg7 4. e4 d6 5. f4 c5 6. d5 0-0 7. Nf3 e6 8. Bd3 exd5 9. cxd5 Re8 10. 0-0 a6 11. a4 Nbd7 12. Be3 Qb6 13. a5 Qc7 14. h3 b5 15. axb6 Nxb6 16. Qd2 Bd7 17. g4 c4 18. Bc2 h6 19. Qf2 Nc8 20. Bd4 Ne7 21. g5 hxg5 22. fxg5 Nh5 23. Bxg7 Kxg7 24. Nh2 Rf8 25. Ng4 Ng8 26. Nf6 Ngxf6 27. gxf6+ Kg8 28. Qg2 Qb6+ 29. Kh1 Qxb2 30. Na4 Bxa4 31. Rxa4 Qe5 32. Rf3 c3 33. Rf5 Ng3+ 34. Kg1 Nxf5 35. exf5 Qxf6 36. fxg6 fxg6 37. Rg4 Ra7 38. Rxg6+ Rg7 0-1

[Event "Berlin Lichtenberger op 12th"]
[Site "Berlin"]
[Date "2013.08.17"]
[Round "1"]
[White "Schleich, Theodor"]
[Black "Schoenemann, Manfred"]
[Result "1-0"]
[WhiteElo "2051"]
[BlackElo "1783"]
[PlyCount "65"]
[EventDate "2013.08.17"]
[EventType "swiss"]
[EventRounds "9"]
[EventCountry "GER"]
[SourceTitle "CBM 156 Extra"]
[Source "ChessBase"]
[SourceDate "2013.10.22"]
[SourceVersion "1"]
[SourceVersionDate "2013.10.22"]
[SourceQuality "1"]

1. d4 Nf6 2. Bg5 e6 3. e4 Be7 4. e5 Nd5 5. Bxe7 Nxe7 6. Bd3 d5 7. Qg4 g6 8. h4 c5 9. Nf3 cxd4 10. Nbd2 Nbc6 11. 0-0-0 Nb4 12. Bb5+ Bd7 13. Nxd4 Bxb5 14. Nxb5 Nbc6 15. Nd6+ Kf8 16. Qf4 Nf5 17. N2e4 Qc7 18. Nxf5 gxf5 19. Qh6+ Ke8 20. Nd6+ Kd7 21. Nxf7 Rhf8 22. Ng5 Qxe5 23. Rhe1 Qf6 24. Qxh7+ Kc8 25. Rxe6 Qh8 26. Qxh8 Rxh8 27. Rxd5 Kc7 28. Nf3 f4 29. Rf6 Raf8 30. Rdf5 Rfg8 31. Rf7+ Kb6 32. Rg5 Rxg5 33. hxg5 1-0

[Event "Berlin-ch Seniors op 27th"]
[Site "Berlin"]
[Date "2011.02.04"]
[Round "7"]
[White "Hoppe, Rainer"]
[Black "Schoenemann, Manfred"]
[Result "1-0"]
[WhiteElo "1806"]
[BlackElo "1656"]
[PlyCount "81"]
[EventDate "2011.01.29"]
[EventType "swiss"]
[EventRounds "9"]
[EventCountry "GER"]
[SourceTitle "EXT 2012"]
[Source "ChessBase"]
[SourceDate "2011.11.24"]
[SourceVersion "1"]
[SourceVersionDate "2011.11.24"]
[SourceQuality "1"]

1. c4 c5 2. Nf3 Nf6 3. Nc3 Nc6 4. e3 e6 5. Be2 Be7 6. 0-0 0-0 7. a3 b6 8. d4 cxd4 9. Nxd4 Bb7 10. Bf3 Rb8 11. e4 Ne5 12. Bf4 Nxf3+ 13. Qxf3 Rc8 14. Ndb5 Rxc4 15. Nd6 Bxd6 16. Bxd6 Re8 17. Qd3 Ba6 18. Rfd1 Qc8 19. Qe3 Qc6 20. f3 e5 21. Bb4 Qc7 22. Bd6 Qc6 23. Qg5 Re6 24. Bb4 h6 25. Qe3 Kh7 26. b3 Rxb4 27. axb4 Qc8 28. b5 Bb7 29. Rxa7 g5 30. Raa1 d6 31. Qxb6 d5 32. Qa7 Qxc3 33. Qxb7 Qc5+ 34. Kh1 Re7 35. Qc6 Qxc6 36. bxc6 dxe4 37. b4 e3 38. b5 e2 39. Re1 Nd5 40. Rxe2 f6 41. Rd2 1-0

[Event "Berlin-ch Seniors op 27th"]
[Site "Berlin"]
[Date "2011.02.03"]
[Round "6"]
[White "Schoenemann, Manfred"]
[Black "Oppermann, Peter"]
[Result "1/2-1/2"]
[WhiteElo "1656"]
[BlackElo "1835"]
[PlyCount "49"]
[EventDate "2011.01.29"]
[EventType "swiss"]
[EventRounds "9"]
[EventCountry "GER"]
[SourceTitle "EXT 2012"]
[Source "ChessBase"]
[SourceDate "2011.11.24"]
[SourceVersion "1"]
[SourceVersionDate "2011.11.24"]
[SourceQuality "1"]

1. d4 Nf6 2. c4 e6 3. Nf3 b6 4. Bg5 Be7 5. Nc3 Bb7 6. e3 0-0 7. Be2 d5 8. 0-0 Nbd7 9. h3 Ne4 10. Bxe7 Qxe7 11. cxd5 Nxc3 12. bxc3 exd5 13. Qb3 c5 14. c4 cxd4 15. Nxd4 Nc5 16. Qb4 Rad8 17. Bf3 dxc4 18. Bxb7 Qxb7 19. Qxc4 Rc8 20. Rac1 Ne4 21. Qd3 Rfe8 22. Rc2 Rxc2 23. Nxc2 Rc8 24. Rd1 h6 25. Nb4 1/2-1/2

[Event "Berlin-ch Seniors op 27th"]
[Site "Berlin"]
[Date "2011.01.29"]
[Round "1"]
[White "Troeger, Rainer"]
[Black "Schoenemann, Manfred"]
[Result "1-0"]
[WhiteElo "2048"]
[BlackElo "1656"]
[PlyCount "72"]
[EventDate "2011.01.29"]
[EventType "swiss"]
[EventRounds "9"]
[EventCountry "GER"]
[SourceTitle "EXT 2012"]
[Source "ChessBase"]
[SourceDate "2011.11.24"]
[SourceVersion "1"]
[SourceVersionDate "2011.11.24"]
[SourceQuality "1"]

1. Nf3 Nf6 2. g3 b6 3. Bg2 Bb7 4. d3 e6 5. 0-0 Be7 6. Nbd2 0-0 7. e4 d5 8. e5 Nfd7 9. Re1 c5 10. Nf1 Qc7 11. Bf4 d4 12. h4 Nc6 13. N1h2 Nb4 14. Ng4 Nd5 15. Bg5 Rae8 16. Qd2 f6 17. exf6 N5xf6 18. Nge5 Nxe5 19. Nxe5 Bxg2 20. Kxg2 Bd6 21. Qe2 Bxe5 22. Qxe5 Qc6+ 23. f3 Ng4 24. Qe4 Qxe4 25. Rxe4 Nf6 26. Re5 h6 27. Bd2 Nd7 28. Re2 e5 29. Rae1 Kf7 30. Re4 h5 31. Bg5 b5 32. f4 exf4 33. Re7+ Rxe7 34. Rxe7+ Kg6 35. Rxd7 f3+ 36. Kf2 Kf5 1-0

[Event "Berlin Lichtenberger op 8th"]
[Site "Berlin"]
[Date "2009.08.23"]
[Round "9"]
[White "Kazman, Caner"]
[Black "Schoenemann, Manfred"]
[Result "1/2-1/2"]
[WhiteElo "1941"]
[BlackElo "1820"]
[PlyCount "121"]
[EventDate "2009.08.15"]
[EventType "swiss"]
[EventRounds "9"]
[EventCountry "GER"]
[SourceTitle "CBM 131 Extra"]
[Source "ChessBase"]
[SourceDate "2009.09.03"]
[SourceVersion "2"]
[SourceVersionDate "2009.09.16"]
[SourceQuality "1"]

1. d4 Nf6 2. c4 c5 3. d5 e6 4. Nc3 exd5 5. cxd5 d6 6. e4 g6 7. f4 Bg7 8. Bb5+ Nfd7 9. Nf3 0-0 10. 0-0 a6 11. Bd3 b5 12. Rb1 c4 13. Bc2 Nc5 14. Be3 b4 15. Ne2 b3 16. axb3 cxb3 17. Bd3 Nbd7 18. Ned4 Re8 19. Nc6 Qc7 20. e5 Bb7 21. Bc4 Bxc6 22. dxc6 Nb6 23. Bxb3 Qxc6 24. Ng5 Ne6 25. Nxe6 fxe6 26. Qxd6 Qxd6 27. exd6 Nd5 28. Bc5 Reb8 29. Ba4 Rxb2 30. Rxb2 Bxb2 31. Bc6 Rd8 32. d7 Kf7 33. Rd1 Bf6 34. Kf2 Be7 35. Ba7 Bd6 36. g3 Ke7 37. Rb1 Rxd7 38. Bxd7 Kxd7 39. Rb7+ Nc7 40. Bb8 Kc6 41. Bxc7 Bc5+ 42. Kf3 Kxb7 43. Be5 a5 44. Kg4 Be7 45. h4 Kc6 46. h5 gxh5+ 47. Kxh5 Bf8 48. Kg5 Kd7 49. Kf6 Be7+ 50. Kg7 h5 51. Kg6 h4 52. gxh4 Bxh4 53. Bb2 Kd6 54. Kh5 Be1 55. Kg4 Bb4 56. Kf3 a4 57. Ke4 a3 58. Ba1 Bc5 59. Bc3 Kd7 60. f5 exf5+ 61. Kxf5 1/2-1/2

[Event "Berlin Lichtenberger op 8th"]
[Site "Berlin"]
[Date "2009.08.18"]
[Round "4"]
[White "Schoenemann, Manfred"]
[Black "Cerdan Herraez, Manuel Vicente"]
[Result "0-1"]
[WhiteElo "1820"]
[BlackElo "1900"]
[PlyCount "45"]
[EventDate "2009.08.15"]
[EventType "swiss"]
[EventRounds "9"]
[EventCountry "GER"]
[SourceTitle "CBM 131 Extra"]
[Source "ChessBase"]
[SourceDate "2009.09.03"]
[SourceVersion "2"]
[SourceVersionDate "2009.09.16"]
[SourceQuality "1"]

1. d4 d5 2. c4 dxc4 3. e3 e5 4. Qa4+ Nc6 5. Qxc4 exd4 6. Nf3 Bb4+ 7. Bd2 Bxd2+ 8. Nbxd2 dxe3 9. fxe3 Qe7 10. Kf2 Nf6 11. h3 0-0 12. g4 Re8 13. Re1 Be6 14. Qb5 Bd5 15. g5 Ne4+ 16. Nxe4 Bxe4 17. Bg2 a6 18. Qe2 Bxf3 19. Qxf3 Ne5 20. Qe2 Rad8 21. Rd1 Qxg5 22. h4 Ng4+ 23. Kf1 0-1

[Event "Berlin Lichtenberger op 8th"]
[Site "Berlin"]
[Date "2009.08.16"]
[Round "3"]
[White "Kammler, Hans Joachim"]
[Black "Schoenemann, Manfred"]
[Result "0-1"]
[WhiteElo "1276"]
[BlackElo "1820"]
[PlyCount "66"]
[EventDate "2009.08.15"]
[EventType "swiss"]
[EventRounds "9"]
[EventCountry "GER"]
[SourceTitle "CBM 131 Extra"]
[Source "ChessBase"]
[SourceDate "2009.09.03"]
[SourceVersion "2"]
[SourceVersionDate "2009.09.16"]
[SourceQuality "1"]

1. e4 c5 2. Nf3 d6 3. d4 cxd4 4. Nxd4 Nf6 5. Nc3 g6 6. Bd3 Bg7 7. 0-0 0-0 8. Bd2 Nxe4 9. Nxe4 Bxd4 10. c3 Bg7 11. Qb3 Nc6 12. Rae1 Qc7 13. Bg5 Ne5 14. Bb1 Be6 15. Qc2 Bc4 16. Ng3 Bxf1 17. Kxf1 f6 18. Be3 f5 19. Bd4 b6 20. Kg1 Rac8 21. Qe2 f4 22. Ne4 f3 23. Qe3 fxg2 24. Bxe5 Bxe5 25. Qh6 Bf4 26. Qh3 d5 27. Ng3 e5 28. Qxg2 e4 29. Kh1 Bxg3 30. hxg3 Rf6 31. Re3 Rcf8 32. Re2 Qf7 33. Kg1 e3 0-1

[Event "Berlin-ch Seniors op 25th"]
[Site "Berlin"]
[Date "2009.02.16"]
[Round "5"]
[White "Schoenemann, Manfred"]
[Black "Petig, Joerg"]
[Result "1-0"]
[WhiteElo "1813"]
[BlackElo "1435"]
[PlyCount "59"]
[EventDate "2009.02.12"]
[EventType "swiss"]
[EventRounds "9"]
[EventCountry "GER"]
[SourceTitle "EXT 2022"]
[Source "ChessBase"]
[SourceDate "2021.10.06"]
[SourceVersion "1"]
[SourceVersionDate "2021.10.06"]
[SourceQuality "1"]

1. d4 Nf6 2. c4 e6 3. Nc3 d5 4. e3 c5 5. cxd5 Nxd5 6. Nf3 Nc7 7. Bd3 cxd4 8. Nxd4 Bc5 9. Nf3 Bd7 10. 0-0 Nc6 11. a3 a6 12. Ne4 Be7 13. b4 b6 14. Bb2 0-0 15. Rc1 Nd5 16. Ne5 Nxe5 17. Bxe5 f6 18. Bb2 Qe8 19. Ng3 Bb5 20. Bxb5 Qxb5 21. Qg4 Qd7 22. Rfd1 Bd6 23. Rxd5 Rac8 24. Rdd1 Rxc1 25. Bxc1 f5 26. Qd4 Rd8 27. Qxb6 Rc8 28. Qxd6 Qxd6 29. Rxd6 Rxc1+ 30. Nf1 1-0

[Event "Berlin-ch Seniors op 25th"]
[Site "Berlin"]
[Date "2009.02.13"]
[Round "2"]
[White "Nietsch, Horst"]
[Black "Schoenemann, Manfred"]
[Result "1/2-1/2"]
[WhiteElo "2013"]
[BlackElo "1813"]
[PlyCount "38"]
[EventDate "2009.02.12"]
[EventType "swiss"]
[EventRounds "9"]
[EventCountry "GER"]
[SourceTitle "EXT 2022"]
[Source "ChessBase"]
[SourceDate "2021.10.06"]
[SourceVersion "1"]
[SourceVersionDate "2021.10.06"]
[SourceQuality "1"]

1. e4 c5 2. Nf3 d6 3. d4 cxd4 4. Nxd4 Nf6 5. Nc3 g6 6. Be3 Bg7 7. Be2 0-0 8. 0-0 Bd7 9. Kh1 Nc6 10. f4 e5 11. Ndb5 exf4 12. Bxf4 Ne8 13. Nxd6 Nxd6 14. Bxd6 Re8 15. Bf3 Rc8 16. e5 Bxe5 17. Bxe5 Rxe5 18. Qd2 Bf5 19. Qf4 Qd4 1/2-1/2

[Event "Berlin-ch Seniors op 25th"]
[Site "Berlin"]
[Date "2009.02.12"]
[Round "1"]
[White "Schoenemann, Manfred"]
[Black "Bremer, Helmut"]
[Result "1-0"]
[WhiteElo "1813"]
[BlackElo "1222"]
[PlyCount "65"]
[EventDate "2009.02.12"]
[EventType "swiss"]
[EventRounds "9"]
[EventCountry "GER"]
[SourceTitle "EXT 2022"]
[Source "ChessBase"]
[SourceDate "2021.10.06"]
[SourceVersion "1"]
[SourceVersionDate "2021.10.06"]
[SourceQuality "1"]

1. d4 Nf6 2. c4 e5 3. dxe5 Ne4 4. Nf3 Bc5 5. e3 0-0 6. a3 a5 7. Qd5 Nxf2 8. Kxf2 b6 9. Qxa8 Nc6 10. b4 Be7 11. b5 Nxe5 12. Nxe5 Bh4+ 13. g3 Qf6+ 14. Qf3 Qxe5 15. Ra2 Be7 16. Bd3 Bc5 17. Qe4 Qh5 18. Qh4 Qxh4 19. gxh4 f5 20. Ke2 Be7 21. Rf1 Bxh4 22. Rxf5 Re8 23. Rh5 Bf6 24. Bxh7+ Kf8 25. Bg6 Rd8 26. Rh8+ Ke7 27. Rxd8 Kxd8 28. Bb2 d5 29. Bxf6+ gxf6 30. cxd5 Bg4+ 31. Kf2 f5 32. Kg3 Be2 33. Rxe2 1-0

[Event "Berlin Lichtenberger op 7th"]
[Site "Berlin"]
[Date "2008.08.19"]
[Round "4"]
[White "Schoenemann, Manfred"]
[Black "Apel, Wolfgang"]
[Result "1-0"]
[WhiteElo "1807"]
[BlackElo "1786"]
[PlyCount "57"]
[EventDate "2008.08.16"]
[EventType "swiss"]
[EventRounds "9"]
[EventCountry "GER"]
[SourceTitle "CBM 126 Extra"]
[Source "ChessBase"]
[SourceDate "2008.11.05"]
[SourceVersion "1"]
[SourceVersionDate "2008.11.05"]
[SourceQuality "1"]

1. d4 Nf6 2. c4 c5 3. Nf3 cxd4 4. Nxd4 Nc6 5. Nc3 g6 6. g3 Bg7 7. Bg2 0-0 8. Be3 Nxd4 9. Bxd4 d6 10. 0-0 Be6 11. b3 Qc7 12. Rc1 a6 13. Re1 Rac8 14. e4 Nd7 15. Bxg7 Kxg7 16. Nd5 Bxd5 17. exd5 Nc5 18. b4 Nd7 19. Rxe7 Qd8 20. Qd4+ Kg8 21. Rce1 Ne5 22. Rxb7 Qf6 23. Rxe5 Qxe5 24. Qxe5 dxe5 25. c5 Rb8 26. d6 Kg7 27. Rxb8 Rxb8 28. d7 Kf6 29. c6 1-0

[Event "Berlin-ch Seniors op 24th"]
[Site "Berlin"]
[Date "2008.02.28"]
[Round "8"]
[White "Schoenemann, Manfred"]
[Black "Telianer, Mikhail"]
[Result "1-0"]
[WhiteElo "1674"]
[BlackElo "1472"]
[PlyCount "77"]
[EventDate "2008.02.21"]
[EventType "swiss"]
[EventRounds "9"]
[EventCountry "GER"]
[SourceTitle "EXT 2022"]
[Source "ChessBase"]
[SourceDate "2021.10.06"]
[SourceVersion "1"]
[SourceVersionDate "2021.10.06"]
[SourceQuality "1"]

1. d4 Nf6 2. c4 e6 3. Nf3 b6 4. Nc3 Bb7 5. g3 Bxf3 6. exf3 d5 7. Bg2 c6 8. Qa4 Bd6 9. 0-0 0-0 10. f4 Qc7 11. Be3 Nbd7 12. Rac1 a6 13. cxd5 b5 14. Qb3 exd5 15. Nxd5 Nxd5 16. Bxd5 Nb8 17. Rc2 Qd7 18. Bg2 Rc8 19. Rfc1 Ra7 20. d5 Rac7 21. Bb6 Rb7 22. dxc6 Rxc6 23. Bxc6 Nxc6 24. Rxc6 Rb8 25. Qd5 Qe6 26. Qxe6 fxe6 27. Rxd6 Kf7 28. Rc7+ Kf6 29. Bd4+ Kf5 30. f3 Rf8 31. Rc5+ Kg6 32. Rxe6+ Kf7 33. Rxa6 Re8 34. Rc7+ Re7 35. Rxe7+ Kxe7 36. Bxg7 Kf7 37. Be5 h5 38. h4 Ke7 39. g4 1-0

[Event "Berlin-ch Seniors op 24th"]
[Site "Berlin"]
[Date "2008.02.21"]
[Round "1"]
[White "Burger, Heinrich"]
[Black "Schoenemann, Manfred"]
[Result "1-0"]
[WhiteElo "1981"]
[BlackElo "1674"]
[PlyCount "36"]
[EventDate "2008.02.21"]
[EventType "swiss"]
[EventRounds "9"]
[EventCountry "GER"]
[SourceTitle "EXT 2022"]
[Source "ChessBase"]
[SourceDate "2021.10.06"]
[SourceVersion "1"]
[SourceVersionDate "2021.10.06"]
[SourceQuality "1"]

1. d4 Nf6 2. c4 c5 3. Nf3 e6 4. g3 d5 5. cxd5 Nxd5 6. Bg2 Nc6 7. 0-0 Qb6 8. e4 Nf6 9. d5 Nd4 10. Nc3 Be7 11. Re1 0-0 12. d6 Nxf3+ 13. Qxf3 Bd8 14. e5 Nd7 15. Qe2 f6 16. f4 Rb8 17. Qc4 Re8 18. Bh3 f5 1-0

[Event "Berlin-ch Seniors op 23rd"]
[Site "Berlin"]
[Date "2007.02.13"]
[Round "9"]
[White "Augustat, Siegfried"]
[Black "Schoenemann, Manfred"]
[Result "1/2-1/2"]
[WhiteElo "1737"]
[BlackElo "1634"]
[PlyCount "28"]
[EventDate "2007.02.05"]
[EventType "swiss"]
[EventRounds "9"]
[EventCountry "GER"]
[SourceTitle "EXT 2022"]
[Source "ChessBase"]
[SourceDate "2021.10.06"]
[SourceVersion "1"]
[SourceVersionDate "2021.10.06"]
[SourceQuality "1"]

1. e4 c5 2. c3 d5 3. exd5 Qxd5 4. d4 cxd4 5. cxd4 e6 6. Nf3 Nf6 7. Nc3 Qd8 8. Bb5+ Bd7 9. Qa4 a6 10. Ne5 Bxb5 11. Nxb5 Nc6 12. Nxc6 axb5 13. Nxd8 Rxa4 14. Nxb7 Rxd4 1/2-1/2

[Event "Berlin-ch Seniors op 23rd"]
[Site "Berlin"]
[Date "2007.02.07"]
[Round "3"]
[White "Gross, Horst"]
[Black "Schoenemann, Manfred"]
[Result "0-1"]
[WhiteElo "1410"]
[BlackElo "1634"]
[PlyCount "52"]
[EventDate "2007.02.05"]
[EventType "swiss"]
[EventRounds "9"]
[EventCountry "GER"]
[SourceTitle "EXT 2022"]
[Source "ChessBase"]
[SourceDate "2021.10.06"]
[SourceVersion "1"]
[SourceVersionDate "2021.10.06"]
[SourceQuality "1"]

1. Nf3 Nf6 2. d4 e6 3. Nbd2 c5 4. e3 Nc6 5. c3 d5 6. Bd3 c4 7. Bc2 a6 8. e4 dxe4 9. Nxe4 Nxe4 10. Bxe4 Qc7 11. Qe2 Ne7 12. 0-0 g6 13. Ne5 Bd7 14. Qxc4 Rc8 15. Qxc7 Rxc7 16. Bf4 f5 17. Bd3 Nd5 18. Nxg6 hxg6 19. Bxc7 Nxc7 20. f4 Bd6 21. g3 Bc6 22. Rae1 Kf7 23. Rf2 Kf6 24. a3 g5 25. fxg5+ Kxg5 26. Ref1 Bxg3 0-1

[Event "Brandenburg-ch Seniors 22nd"]
[Site "Berlin"]
[Date "2006.02.20"]
[Round "1"]
[White "Schoenemann, Manfred"]
[Black "Shapiro, Yosip"]
[Result "0-1"]
[WhiteElo "1637"]
[BlackElo "2000"]
[PlyCount "66"]
[EventDate "2006.02.20"]
[EventType "swiss"]
[EventRounds "9"]
[EventCountry "GER"]
[SourceTitle "EXT 2007"]
[Source "ChessBase"]
[SourceDate "2006.11.23"]
[SourceVersion "1"]
[SourceVersionDate "2006.11.23"]
[SourceQuality "1"]

1. d4 d5 2. c4 c6 3. cxd5 cxd5 4. Nf3 Nc6 5. g3 Nf6 6. Bg2 Bf5 7. a3 e6 8. 0-0 Bd6 9. Nc3 0-0 10. Nh4 Bg4 11. Qd3 Rc8 12. h3 Bh5 13. b4 h6 14. Bd2 Nd7 15. e3 Nb6 16. f4 Nc4 17. Be1 Be7 18. Nf3 a6 19. Na4 b6 20. Ne5 N6xe5 21. fxe5 Bg6 22. Qe2 Bg5 23. Bf2 Qd7 24. Nxb6 Nxb6 25. Qxa6 Nc4 26. b5 Ra8 27. Qc6 Qxc6 28. bxc6 Rfc8 29. h4 Bxe3 30. Bxe3 Nxe3 31. Rfc1 Nc4 32. a4 Rxc6 33. a5 Rxa5 0-1